LEADER 01478nam a2200325 u 4500 001 000000062540 003 CaOOAMICUS 005 20070226121139.0 008 011002s1991 it u000 u ita u 020 $a8877060972 035 $a10904971 040 $aPUL(R)$bita 100 1 $aSegalla, Giuseppe.$0(OLS)http://pul/name/12129 245 10$aCarisma e istituzione a servizio della carità negli Atti degli Apostoli /$cGiuseppe Segalla. 260 $aPadova :$bGregoriana Editrice,$c1991. 300 $a140 p. ;$c22 cm 490 1 $aComunità degli uomini 630 04$aBiblia.$pN.T.$pActus apostolorum.$xCritica e interpretazione.$0(OLS)http://pul/subject/1725 650 4$aSpiritualità.$0(OLS)http://pul/subject/843 650 4$aCarismi e ministeri.$0(OLS)http://pul/subject/9808 830 0$aComunità degli uomini.$0(OLS)http://pul/title/56979 850 $aPUL 852 $aPUL$W1$xSL Religione 1$y3$m67 A 55$j81298$nBK-PRI$b $qStampati$B81298$CPULBib$Z2$F81298 $H $81 852 $aPUL$W1$xDP1 Fondo Bordoni$y120$m3 E 17$j166560$qFondi$B174140$CPULBib$Z2$F174140 $HBor34 $81 941 1 $a1 941 1 $a8 961 $aINV: 71103 996 $6020$a8877060972$9(OLS)http://pul/number/81126 996 $6245$aCarisma e istituzione a servizio della carità negli Atti degli Apostoli$9(OLS)http://pul/title/83437 996 $6260$aPadova :$bGregoriana Editrice$9(OLS)http://pul/publisher/53800 LEADER 01115nam a2200277 a 4500 001 000000135274 003 CaOOAMICUS 005 20130903103825.0 008 130903s2013 it u000 u ita r 020 $a978-88-348-3963-8 040 $aPUL$bita 082 04$a340.55 100 1 $aCaravale, Mario.$0(OLS)http://pul/name/14126 245 10$aDiritto senza legge :$blezioni di diritto comune /$cMario Caravale. 260 $aTorino :$bG. Giappichelli,$c©2013. 300 $aVII, 187 p. ;$c23 cm 504 $aBibliografia p. [153]-172. 650 4$aDiritto comune.$0(OLS)http://pul/subject/9064 850 $aPUL 852 $aPUL$W1$xSL Diritto e Scienze Sociali 3$y79$m340. 55 CARMA 1$j155859$qDDC 21$q $B155294$CPULBib$Z2$F155294 $H122843 $81 941 1 $a9 996 $6020$a978-88-348-3963-8$9(OLS)http://pul/number/153462 996 $6082$a340.55$9(OLS)http://pul/classification/2246 996 $6245$aDiritto senza legge :$blezioni di diritto comune$9(OLS)http://pul/title/171064 996 $6260$aTorino :$bG. Giappichelli$9(OLS)http://pul/publisher/49130